[Event "Stuttgart op"]
[Site "Ditzingen"]
[Date "2023.05.20"]
[Round "5"]
[White "Neyman, Igor"]
[Black "Maters, Arthur"]
[Result "1-0"]
[WhiteElo "2337"]
[BlackElo "2127"]
[PlyCount "123"]
[EventDate "2023.05.18"]
[EventType "swiss"]
[EventRounds "7"]
[EventCountry "GER"]
[SourceTitle "CBM 214 Extra"]
[Source "ChessBase"]
[SourceDate "2023.07.31"]
[SourceVersion "1"]
[SourceVersionDate "2023.07.31"]
[SourceQuality "1"]

1. d4 Nf6 2. c4 g6 3. g3 d5 4. Bg2 Bg7 5. cxd5 Nxd5 6. Nf3 0-0 7. 0-0 c5 8. e4 Nf6 9. e5 Nd5 10. Re1 Nc6 11. dxc5 Ndb4 12. Qe2 Nd3 13. Rd1 Nxc1 14. Rxc1 Qc7 15. Nc3 Rd8 16. Rd1 Be6 17. a3 Nxe5 18. Nxe5 Bxe5 19. Nd5 Bxd5 20. Bxd5 e6 21. Bxb7 Rab8 22. c6 Bd4 23. Rac1 Rd6 24. b4 h5 25. Kg2 e5 26. f3 Rbd8 27. Rc2 Bb6 28. Rcd2 Rxd2 29. Rxd2 Rxd2 30. Qxd2 Qd8 31. Qd7 Qxd7 32. cxd7 Kf8 33. Bc6 Ke7 34. Kf1 g5 35. h3 Kd6 36. Bb5 Kc7 37. Ke2 Bd4 38. Kd3 Bf2 39. g4 hxg4 40. hxg4 Bb6 41. Ke4 Kd6 42. Kf5 Bd8 43. a4 f6 44. a5 Ke7 45. Ba4 Kd6 46. Ke4 Be7 47. Kd3 Kd5 48. Kc3 Bd8 49. Bb5 Bc7 50. Bd3 Bd8 51. Bf5 Bc7 52. Kb3 Bd8 53. Ka4 Kc6 54. b5+ Kc5 55. Bd3 Be7 56. b6 axb6 57. a6 b5+ 58. Bxb5 Kb6 59. Kb3 Ka7 60. Kc4 Bd8 61. Kd5 Kb8 62. Ke6 1-0

[Event "Stuttgart op"]
[Site "Ditzingen"]
[Date "2023.05.18"]
[Round "2"]
[White "Maters, Arthur"]
[Black "Kunin, Vitaly L"]
[Result "0-1"]
[WhiteElo "2127"]
[BlackElo "2524"]
[PlyCount "88"]
[EventDate "2023.05.18"]
[EventType "swiss"]
[EventRounds "7"]
[EventCountry "GER"]
[SourceTitle "CBM 214 Extra"]
[Source "ChessBase"]
[SourceDate "2023.07.31"]
[SourceVersion "1"]
[SourceVersionDate "2023.07.31"]
[SourceQuality "1"]

1. e4 c5 2. Nf3 g6 3. d4 cxd4 4. Nxd4 Nc6 5. Nc3 Bg7 6. Be3 Nf6 7. Bc4 0-0 8. Bb3 a6 9. 0-0 d6 10. h3 Bd7 11. Re1 Rc8 12. Nd5 Rb8 13. Nxc6 bxc6 14. Nxf6+ Bxf6 15. Bd4 Bxd4 16. Qxd4 Qb6 17. Rad1 Qxd4 18. Rxd4 c5 19. Rd2 Rfc8 20. c4 f6 21. f4 Be6 22. e5 dxe5 23. fxe5 f5 24. Ba4 Rd8 25. Rc2 Rd4 26. b3 Rbd8 27. Bc6 Kg7 28. Kf2 g5 29. Ree2 h5 30. g3 h4 31. gxh4 Rxh4 32. Bg2 Rhd4 33. b4 cxb4 34. c5 Bc4 35. c6 Bxe2 36. Kxe2 Rc8 37. Ke3 Rdd8 38. Bf1 Rd5 39. Bxa6 Rc7 40. e6 Kf6 41. Bb7 Kxe6 42. h4 gxh4 43. Rc4 Rb5 44. Rxh4 b3 0-1

[Event "Groninger Combinatie op"]
[Site "Groningen"]
[Date "2022.05.27"]
[Round "2"]
[White "Maters, Arthur"]
[Black "Balje, Jan"]
[Result "1/2-1/2"]
[WhiteElo "2048"]
[BlackElo "2197"]
[PlyCount "121"]
[EventDate "2022.05.26"]
[EventType "swiss"]
[EventRounds "7"]
[EventCountry "NED"]
[SourceTitle "CBM 208 Extra"]
[Source "ChessBase"]
[SourceDate "2022.07.31"]
[SourceVersion "1"]
[SourceVersionDate "2022.07.31"]
[SourceQuality "1"]

1. e4 e5 2. Bc4 Nf6 3. d3 Nc6 4. Nc3 Bc5 5. f4 0-0 6. Nf3 exf4 7. Bxf4 d6 8. Na4 d5 9. Nxc5 dxc4 10. e5 Qe7 11. d4 b6 12. Na4 Nh5 13. Bg5 f6 14. Bh4 g5 15. Bf2 g4 16. 0-0 Bd7 17. exf6 Nxf6 18. Ne5 Nxe5 19. dxe5 Bc6 20. Qd4 Qd7 21. exf6 Qxd4 22. Bxd4 Bxa4 23. b3 Rad8 24. Bc3 Bd7 25. Rae1 cxb3 26. axb3 Rde8 27. Rd1 Bc6 28. Rf5 Kf7 29. Rg5 Re2 30. Rg7+ Ke8 31. Re7+ Rxe7 32. fxe7 Rf4 33. g3 Rf7 34. Bb4 Bd7 35. Re1 c5 36. Bd2 Rxe7 37. Rxe7+ Kxe7 38. Kf2 Bf5 39. c3 Bc2 40. b4 Ke6 41. Bf4 a5 42. bxa5 bxa5 43. Ke2 Kd5 44. Kd2 Bf5 45. Kc1 Kc4 46. Kb2 h5 47. Be5 Bd7 48. Bc7 Kb5 49. Ka3 Be6 50. Bd8 Bc4 51. Bf6 Be2 52. Bd8 Bd1 53. Bc7 a4 54. Bd6 Kc4 55. Be7 Bb3 56. Bf8 Kd5 57. Be7 c4 58. Kb4 Ke4 59. Bf6 Kf3 60. Bh4 Kg2 61. Ka3 1/2-1/2

[Event "NED-ch U18"]
[Site "Almelo"]
[Date "2022.05.05"]
[Round "5"]
[White "Elgersma, Onno"]
[Black "Maters, Arthur"]
[Result "1-0"]
[WhiteElo "2303"]
[BlackElo "2048"]
[PlyCount "183"]
[EventDate "2022.05.01"]
[EventType "swiss"]
[EventRounds "7"]
[EventCountry "NED"]
[SourceTitle "CBM 208 Extra"]
[Source "ChessBase"]
[SourceDate "2022.07.31"]
[SourceVersion "1"]
[SourceVersionDate "2022.07.31"]
[SourceQuality "1"]

1. e4 d6 2. Nf3 Nf6 3. Nc3 e5 4. d4 Nbd7 5. Bc4 Be7 6. 0-0 c6 7. a4 Qc7 8. Re1 h6 9. Ba2 0-0 10. h3 Re8 11. Be3 b6 12. Qd3 a6 13. Qc4 Rf8 14. Nh4 exd4 15. Bxd4 Ne5 16. Qe2 Nh7 17. Nf5 Bxf5 18. exf5 Bf6 19. Rad1 Nd7 20. Qc4 Ra7 21. Be3 d5 22. Qg4 Kh8 23. Bf4 Qc8 24. Bd6 Re8 25. Qh5 Nc5 26. Rxe8+ Qxe8 27. a5 Rd7 28. Bxc5 bxc5 29. Na4 c4 30. b3 cxb3 31. Bxb3 Re7 32. Rf1 Re1 33. Nc5 Bd8 34. Nd3 Rxf1+ 35. Kxf1 Bxa5 36. Qe2 Qc8 37. Ne5 Kg8 38. Ba4 Bb4 39. Nxc6 a5 40. Qb5 Kf8 41. Qxd5 Nf6 42. Qd4 Be7 43. Qe5 Qd7 44. Qxa5 Qd1+ 45. Qe1 Qxe1+ 46. Kxe1 Bc5 47. Ne5 Bd4 48. Nd3 Ke7 49. Bb3 Ne4 50. Ke2 Kf6 51. g4 Nc3+ 52. Kf3 g6 53. fxg6 fxg6 54. h4 g5 55. hxg5+ hxg5 56. Bc4 Ke7 57. Kg2 Kf6 58. f4 gxf4 59. Nxf4 Be5 60. Nd5+ Kg5 61. Nxc3 Bxc3 62. Kf3 Kf6 63. Ke4 Bb4 64. Bb3 Bc3 65. Ba4 Kg5 66. Bd7 Kf6 67. Kd3 Be1 68. Kc4 Ke5 69. g5 Bh4 70. g6 Bf6 71. Kb5 Kd6 72. Bh3 Bc3 73. Kc4 Bg7 74. c3 Ke5 75. Bf1 Kd6 76. Kb4 Kc6 77. c4 Bf8+ 78. Ka5 Kc5 79. Ka6 Kc6 80. Bg2+ Kc5 81. Bd5 Bg7 82. Kb7 Kd6 83. Kb6 Bd4+ 84. Kb5 Be5 85. Be4 Bd4 86. c5+ Kc7 87. Kc4 Bb2 88. Kd5 Kd7 89. Bf5+ Kc7 90. c6 Kd8 91. Ke6 Kc7 92. Be4 1-0

[Event "NED-ch U18"]
[Site "Almelo"]
[Date "2022.05.03"]
[Round "3"]
[White "Maters, Arthur"]
[Black "Albers, Sasa"]
[Result "0-1"]
[WhiteElo "2048"]
[BlackElo "2117"]
[PlyCount "74"]
[EventDate "2022.05.01"]
[EventType "swiss"]
[EventRounds "7"]
[EventCountry "NED"]
[SourceTitle "CBM 208 Extra"]
[Source "ChessBase"]
[SourceDate "2022.07.31"]
[SourceVersion "1"]
[SourceVersionDate "2022.07.31"]
[SourceQuality "1"]

1. e4 c6 2. Nf3 d5 3. Nc3 dxe4 4. Nxe4 Nf6 5. Qe2 Nxe4 6. Qxe4 Nd7 7. Bc4 Nf6 8. Ne5 e6 9. Qe2 b5 10. Bd3 Qc7 11. a4 Bd6 12. Nxc6 b4 13. Nd4 a6 14. Nf5 Bb7 15. Nxd6+ Qxd6 16. 0-0 h5 17. Qe3 b3 18. c3 0-0-0 19. Be2 Nd5 20. Qg3 Qd7 21. Qh4 g5 22. Qc4+ Kb8 23. Qxb3 Qc6 24. Bf3 g4 25. Be4 f5 26. Bxd5 Rxd5 27. f3 Rd3 28. Qc2 Rhd8 29. Rf2 h4 30. b4 g3 31. Rf1 gxh2+ 32. Kxh2 h3 33. g3 Rxf3 34. Qd1 Rdd3 35. Rxf3 Rxf3 36. Kxh3 Qe8 37. Kg2 Qh5 0-1

[Event "Wachtebeke op"]
[Site "Wachtebeke"]
[Date "2022.02.28"]
[Round "4"]
[White "Holtel, Jasper"]
[Black "Maters, Arthur"]
[Result "1-0"]
[WhiteElo "2333"]
[BlackElo "2075"]
[PlyCount "55"]
[EventDate "2022.02.26"]
[EventType "swiss"]
[EventRounds "9"]
[EventCountry "BEL"]
[SourceTitle "CBM 207 Extra"]
[Source "ChessBase"]
[SourceDate "2022.05.31"]
[SourceVersion "1"]
[SourceVersionDate "2022.05.31"]
[SourceQuality "1"]

1. Nf3 d5 2. g3 g6 3. Bg2 Bg7 4. c4 c6 5. Qa4 Nf6 6. cxd5 Nxd5 7. 0-0 e5 8. Nc3 0-0 9. d3 h6 10. Bd2 Be6 11. Rac1 Nd7 12. Nxd5 Bxd5 13. Rfd1 Re8 14. Bc3 Qe7 15. Nd2 b5 16. Qa5 Nb6 17. Bb4 Qd8 18. e4 Be6 19. Rxc6 Qxd3 20. Bf1 Qd4 21. Bc3 Qa4 22. b3 Qxa5 23. Bxa5 Rac8 24. Rdc1 Rxc6 25. Rxc6 Rd8 26. Bxb5 Bd7 27. Rd6 Bf8 28. Rd3 1-0

[Event "NED-ch U18"]
[Site "Almelo"]
[Date "2021.08.04"]
[Round "4"]
[White "Grutter, Tim"]
[Black "Maters, Arthur"]
[Result "1/2-1/2"]
[WhiteElo "2253"]
[BlackElo "2032"]
[PlyCount "103"]
[EventDate "2021.08.01"]
[EventType "swiss"]
[EventRounds "7"]
[EventCountry "NED"]
[SourceTitle "CBM 203 Extra"]
[Source "ChessBase"]
[SourceDate "2021.09.30"]
[SourceVersion "1"]
[SourceVersionDate "2021.09.30"]
[SourceQuality "1"]

1. e4 c5 2. Nf3 d6 3. d4 cxd4 4. Nxd4 Nf6 5. Nc3 a6 6. h4 g6 7. g3 Bg7 8. Bg2 0-0 9. 0-0 Bg4 10. f3 Bd7 11. Be3 Nc6 12. Nxc6 Bxc6 13. Bd4 e5 14. Be3 Qc7 15. a4 b6 16. Qd2 Rfd8 17. Bg5 d5 18. exd5 Bxd5 19. Bxf6 Bxf6 20. Nxd5 Qc5+ 21. Qf2 Rxd5 22. f4 e4 23. Qxc5 Rxc5 24. c3 Re8 25. Rfe1 e3 26. Rad1 Rc4 27. Rd6 Be7 28. Rd3 e2 29. Rxe2 Bc5+ 30. Kf1 Rxe2 31. Kxe2 Rxa4 32. Rd8+ Kg7 33. Bd5 Be7 34. Re8 Ra5 35. Bc4 Rc5 36. Bxa6 Rc7 37. Bd3 h5 38. Kf3 Kf6 39. Rb8 Bc5 40. Re8 Rd7 41. Be2 Re7 42. Rxe7 Kxe7 43. b4 Bg1 44. Bc4 Kf6 45. Bb3 Ke7 46. Bd5 Kf6 47. c4 Ke7 48. c5 bxc5 49. b5 c4 50. Bxc4 f5 51. Ke2 Bc5 52. b6 1/2-1/2

[Event "NED-ch U16 op"]
[Site "Borne"]
[Date "2019.08.09"]
[Round "7"]
[White "Maters, Arthur"]
[Black "Rogge, Parcival"]
[Result "1-0"]
[WhiteElo "2042"]
[BlackElo "1743"]
[PlyCount "108"]
[EventDate "2019.08.05"]
[EventType "swiss"]
[EventRounds "9"]
[EventCountry "NED"]
[SourceTitle "EXT 2020"]
[Source "ChessBase"]
[SourceDate "2019.10.17"]
[SourceVersion "1"]
[SourceVersionDate "2019.10.17"]
[SourceQuality "1"]

1. d4 Nf6 2. Bf4 g6 3. Nc3 d5 4. e3 Bg7 5. h4 h5 6. Nf3 a6 7. Qd2 Nc6 8. Ne5 Nd7 9. Nxd7 Qxd7 10. Be2 b5 11. 0-0-0 b4 12. Nb1 a5 13. Rdg1 Ba6 14. g4 Bxe2 15. Qxe2 hxg4 16. Rxg4 e5 17. dxe5 Nxe5 18. Bxe5 Bxe5 19. e4 0-0-0 20. Nd2 dxe4 21. Rxe4 Bxb2+ 22. Kxb2 Qxd2 23. Qa6+ Kb8 24. Qxa5 Rd4 25. Re5 Qc3+ 26. Kb1 Rhxh4 27. Rhe1 Rh5 28. Re8+ Kb7 29. Qa8+ Kb6 30. Rb8+ Kc5 31. Qa5+ Kd6 32. Qa6+ c6 33. Rd8+ Kc5 34. Rc1 Rxd8 35. Qa5+ Kd6 36. Qxd8+ Ke6 37. Rd1 Rd5 38. Qe8+ Kf6 39. Qh8+ Ke6 40. Qc8+ Kf6 41. Qh8+ Ke6 42. Qe8+ Kf6 43. Rxd5 cxd5 44. Qh8+ Ke6 45. Qxc3 bxc3 46. a4 Kd6 47. Ka2 Kc5 48. Kb3 d4 49. a5 Kb5 50. a6 Kxa6 51. Kc4 g5 52. Kxd4 Kb5 53. Kxc3 f5 54. Kd4 g4 1-0

[Event "NED-ch U16 op"]
[Site "Borne"]
[Date "2019.08.05"]
[Round "1"]
[White "Maters, Arthur"]
[Black "Tiggelman, Laura"]
[Result "1-0"]
[WhiteElo "2042"]
[BlackElo "1436"]
[PlyCount "69"]
[EventDate "2019.08.05"]
[EventType "swiss"]
[EventRounds "9"]
[EventCountry "NED"]
[SourceTitle "EXT 2020"]
[Source "ChessBase"]
[SourceDate "2019.10.17"]
[SourceVersion "1"]
[SourceVersionDate "2019.10.17"]
[SourceQuality "1"]

1. e4 c5 2. Nf3 d6 3. d4 cxd4 4. Nxd4 Nf6 5. Nc3 g6 6. Be3 Bg7 7. f3 0-0 8. Qd2 Nc6 9. 0-0-0 d5 10. Nxc6 bxc6 11. Bh6 Qc7 12. exd5 cxd5 13. Bxg7 Kxg7 14. h4 Bb7 15. h5 e5 16. hxg6 fxg6 17. Bd3 e4 18. fxe4 dxe4 19. Bb5 Rad8 20. Qh6+ Kg8 21. Rdf1 Nh5 22. g4 Rxf1+ 23. Rxf1 Ng3 24. Qh2 Rc8 25. Rg1 a6 26. Ba4 Qf4+ 27. Kb1 e3 28. Qxg3 Qb4 29. Bb3+ Kf8 30. Rf1+ Ke8 31. Qe5+ Qe7 32. Rf8+ Kd7 33. Ba4+ Bc6 34. Qd5+ Qd6 35. Rf7+ 1-0

[Event "Groningen op 56th"]
[Site "Groningen"]
[Date "2018.12.30"]
[Round "9"]
[White "Maters, Arthur"]
[Black "Elgersma, Onno"]
[Result "0-1"]
[WhiteElo "2005"]
[BlackElo "2192"]
[PlyCount "80"]
[EventDate "2018.12.22"]
[EventType "swiss"]
[EventRounds "9"]
[EventCountry "NED"]
[SourceTitle "CBM 188 Extra"]
[Source "ChessBase"]
[SourceDate "2019.02.26"]
[SourceVersion "1"]
[SourceVersionDate "2019.02.26"]
[SourceQuality "1"]

1. d4 Nf6 2. Bg5 Ne4 3. Bf4 c5 4. d5 Qb6 5. Bc1 g6 6. f3 Nf6 7. e4 d6 8. c4 Bg7 9. Ne2 0-0 10. Nec3 e6 11. Na3 a6 12. Nc2 Nbd7 13. a4 Re8 14. Be2 Rb8 15. Bd2 Qc7 16. Qc1 exd5 17. cxd5 c4 18. Na3 Ne5 19. Bf4 Nfd7 20. Qe3 f5 21. h4 fxe4 22. fxe4 Nc5 23. 0-0-0 Ned3+ 24. Bxd3 Nxd3+ 25. Rxd3 cxd3 26. Qxd3 Rf8 27. Qg3 Rxf4 28. Qxf4 b5 29. Kb1 b4 30. Nab5 axb5 31. Nxb5 Qe7 32. Nxd6 Be5 33. Nxc8 Rxc8 34. Qg4 Qc7 35. Qe2 b3 36. Rf1 Qc2+ 37. Qxc2 bxc2+ 38. Kc1 Bg7 39. g4 Be5 40. Rf3 Bxb2+ 0-1

[Event "Groningen op 56th"]
[Site "Groningen"]
[Date "2018.12.29"]
[Round "8"]
[White "Maters, Arthur"]
[Black "Rut, Vojtech"]
[Result "1-0"]
[WhiteElo "2005"]
[BlackElo "2140"]
[PlyCount "123"]
[EventDate "2018.12.22"]
[EventType "swiss"]
[EventRounds "9"]
[EventCountry "NED"]
[SourceTitle "CBM 188 Extra"]
[Source "ChessBase"]
[SourceDate "2019.02.26"]
[SourceVersion "1"]
[SourceVersionDate "2019.02.26"]
[SourceQuality "1"]

1. e4 c6 2. Nc3 d5 3. Nf3 Nf6 4. e5 Ne4 5. Ne2 Qb6 6. d4 e6 7. Nfg1 f6 8. f3 Ng5 9. exf6 gxf6 10. f4 Nf7 11. Nf3 c5 12. c3 Nc6 13. f5 e5 14. dxe5 Ncxe5 15. Nf4 d4 16. Nd5 Qd8 17. Nxe5 Qxd5 18. Bb5+ Ke7 19. Nxf7 Qe4+ 20. Qe2 Qxe2+ 21. Kxe2 Kxf7 22. Bc4+ Kg7 23. g4 dxc3 24. bxc3 Bd6 25. Kf3 Be5 26. Bf4 Bd7 27. Rad1 Ba4 28. Bb3 Bc6+ 29. Bd5 h5 30. Bxc6 hxg4+ 31. Kxg4 bxc6 32. Rd7+ Kf8 33. Bxe5 fxe5 34. h4 Rg8+ 35. Kf3 Re8 36. Re1 Rg7 37. Rxg7 Kxg7 38. Rg1+ Kf7 39. Ke4 Rh8 40. Rg4 Re8 41. Rg6 Rh8 42. Rxc6 Rxh4+ 43. Kxe5 Ra4 44. Rxc5 Rxa2 45. Rc7+ Kf8 46. c4 a5 47. c5 a4 48. c6 a3 49. Kf6 Kg8 50. Rg7+ Kh8 51. Ra7 Rc2 52. c7 a2 53. Rxa2 Rxc7 54. Re2 Rc5 55. Re5 Rc1 56. Kf7 Kh7 57. f6 Kh6 58. Rf5 Rc7+ 59. Ke6 Kg6 60. f7 Rc6+ 61. Kd7 Kxf5 62. Kxc6 1-0

[Event "Hoogeveen op 22nd"]
[Site "Hoogeveen"]
[Date "2018.10.21"]
[Round "2"]
[White "Dev, Shah"]
[Black "Maters, Arthur"]
[Result "1-0"]
[WhiteElo "2146"]
[BlackElo "1933"]
[PlyCount "87"]
[EventDate "2018.10.20"]
[EventType "swiss"]
[EventRounds "9"]
[EventCountry "NED"]
[SourceTitle "CBM 187 Extra"]
[Source "ChessBase"]
[SourceDate "2018.11.04"]
[SourceVersion "1"]
[SourceVersionDate "2018.11.04"]
[SourceQuality "1"]

1. d4 Nf6 2. c4 g6 3. Nc3 d5 4. cxd5 Nxd5 5. e4 Nxc3 6. bxc3 Bg7 7. Nf3 Bg4 8. Qb3 Bxf3 9. gxf3 Nd7 10. Be3 0-0 11. Bg2 c5 12. 0-0 Qc7 13. f4 e6 14. Rfd1 Rab8 15. Rac1 Rfd8 16. Kh1 b6 17. Rg1 Nf6 18. Qd1 h5 19. h3 Qe7 20. Qf3 Qd7 21. Rgd1 Qc6 22. d5 exd5 23. e5 Nh7 24. c4 Qe6 25. cxd5 Qf5 26. h4 Qg4 27. Qxg4 hxg4 28. Kh2 f5 29. d6 Bf8 30. Rd2 Kf7 31. Rcd1 Nf6 32. exf6 Kxf6 33. d7 Be7 34. Bc6 Rh8 35. Kg2 Rbf8 36. Rd3 Bd8 37. Bc1 Kf7 38. Bb2 Rxh4 39. Re1 g5 40. Bd5+ Kg6 41. Re8 gxf4 42. Rxf8 f3+ 43. Bxf3 gxf3+ 44. Rxf3 1-0

[Event "Hoogeveen op 22nd"]
[Site "Hoogeveen"]
[Date "2018.10.20"]
[Round "1"]
[White "Maters, Arthur"]
[Black "De Boer, Eelke"]
[Result "0-1"]
[WhiteElo "1933"]
[BlackElo "2285"]
[PlyCount "88"]
[EventDate "2018.10.20"]
[EventType "swiss"]
[EventRounds "9"]
[EventCountry "NED"]
[SourceTitle "CBM 187 Extra"]
[Source "ChessBase"]
[SourceDate "2018.11.04"]
[SourceVersion "1"]
[SourceVersionDate "2018.11.04"]
[SourceQuality "1"]

1. e4 c5 2. Nc3 d6 3. d4 cxd4 4. Qxd4 Nc6 5. Qd2 Nf6 6. b3 e6 7. Bb2 Be7 8. 0-0-0 a6 9. f3 b5 10. Kb1 0-0 11. g4 Nd7 12. h4 Nc5 13. g5 b4 14. Nce2 a5 15. Nd4 Nxd4 16. Bxd4 e5 17. Bxc5 dxc5 18. Qd4 Qd6 19. Qxd6 Re8 20. Qd8 Rxd8 21. Rxd8+ Bxd8 22. Bc4 Ba6 23. Ne2 Bxc4 24. bxc4 f6 25. Rd1 fxg5 26. h5 Bf6 27. Rd5 Rc8 28. Nc1 g6 29. h6 Be7 30. Rxe5 Bf8 31. Nd3 Bxh6 32. Nxc5 Rf8 33. Rd5 Rxf3 34. e5 g4 35. e6 Re3 36. Rd8+ Kg7 37. Rd7+ Kf8 38. Rd8+ Ke7 39. Rd7+ Kf6 40. Rf7+ Kg5 41. Rf1 g3 42. Kc1 Kg4 43. Kd1 g2 44. Rg1 Kg3 0-1

[Event "NED-ch U14"]
[Site "Assen"]
[Date "2018.05.03"]
[Round "7"]
[White "Bleeker, Kasper"]
[Black "Maters, Arthur"]
[Result "1-0"]
[WhiteElo "1737"]
[BlackElo "1895"]
[PlyCount "61"]
[EventDate "2018.04.29"]
[EventType "swiss"]
[EventRounds "9"]
[EventCountry "NED"]
[SourceTitle "CBM 184 Extra"]
[Source "ChessBase"]
[SourceDate "2018.06.28"]
[SourceVersion "1"]
[SourceVersionDate "2018.06.28"]
[SourceQuality "1"]

1. e4 c5 2. Nf3 d6 3. d4 cxd4 4. Nxd4 Nf6 5. Nc3 a6 6. Bg5 e6 7. f4 h6 8. Bh4 Qb6 9. Qd2 Qxb2 10. Rb1 Qa3 11. e5 dxe5 12. fxe5 Nfd7 13. Ne4 Qxa2 14. Rd1 Qd5 15. Qe3 Qxe5 16. Be2 Bc5 17. Bg3 Bxd4 18. Rxd4 Qa5+ 19. Rd2 0-0 20. Bd6 Re8 21. Qg3 Qa4 22. Bd3 f5 23. Qg6 Rf8 24. Qxe6+ Kh8 25. Bxf8 fxe4 26. Bc4 Nf6 27. Bxg7+ Kh7 28. Qxf6 Qxc4 29. Qxh6+ Kg8 30. Rd8+ Kf7 31. Qf6# 1-0

[Event "NED-ch U14"]
[Site "Assen"]
[Date "2018.05.02"]
[Round "6"]
[White "Maters, Arthur"]
[Black "Albers, Sasa"]
[Result "1-0"]
[WhiteElo "1895"]
[BlackElo "1336"]
[PlyCount "107"]
[EventDate "2018.04.29"]
[EventType "swiss"]
[EventRounds "9"]
[EventCountry "NED"]
[SourceTitle "CBM 184 Extra"]
[Source "ChessBase"]
[SourceDate "2018.06.28"]
[SourceVersion "1"]
[SourceVersionDate "2018.06.28"]
[SourceQuality "1"]

1. e4 c6 2. Nc3 d5 3. Nf3 dxe4 4. Nxe4 Bf5 5. Ng3 Bg6 6. h4 h6 7. Ne5 Qd6 8. d4 Nd7 9. Nxg6 Qxg6 10. Bd3 Qd6 11. Be3 e6 12. Qd2 Ngf6 13. Ne4 Nxe4 14. Bxe4 Nf6 15. Bf3 Nd5 16. 0-0-0 Qc7 17. Rhe1 Nxe3 18. Qxe3 0-0-0 19. d5 cxd5 20. Qxa7 Bc5 21. Qa8+ Qb8 22. Qa4 Bxf2 23. Rf1 Bg3 24. Bg4 f5 25. Rd3 Be5 26. Be2 Rd6 27. Rb3 b6 28. Re1 Bf6 29. Kb1 Kd8 30. c4 dxc4 31. Bxc4 Ke7 32. Qb4 Kf7 33. Rbe3 Re8 34. Qb3 Qc8 35. Qc2 g6 36. Bxe6+ Rdxe6 37. Qxc8 Rxc8 38. Rxe6 Bxh4 39. R1e2 Bg5 40. b3 Rb8 41. Rc6 Bf4 42. Ree6 Rg8 43. Rxb6 h5 44. Rec6 Rb8 45. Rf6+ Kg7 46. Rxg6+ Kh7 47. Rxb8 Kxg6 48. Rg8+ Kf6 49. Kc2 h4 50. a4 Be3 51. Kd3 Bg1 52. a5 f4 53. Rg4 f3 54. Rf4+ 1-0

[Event "NED-ch U14"]
[Site "Assen"]
[Date "2018.05.01"]
[Round "4"]
[White "Maters, Arthur"]
[Black "Elgersma, Onno"]
[Result "0-1"]
[WhiteElo "1895"]
[BlackElo "2060"]
[PlyCount "110"]
[EventDate "2018.04.29"]
[EventType "swiss"]
[EventRounds "9"]
[EventCountry "NED"]
[SourceTitle "CBM 184 Extra"]
[Source "ChessBase"]
[SourceDate "2018.06.28"]
[SourceVersion "1"]
[SourceVersionDate "2018.06.28"]
[SourceQuality "1"]

1. d4 Nf6 2. c4 e6 3. Nc3 Bb4 4. Qc2 0-0 5. a3 Bxc3+ 6. Qxc3 b6 7. Bg5 Bb7 8. e3 d6 9. Ne2 Nbd7 10. Qc2 c5 11. Rd1 cxd4 12. Rxd4 Qc7 13. Nc3 a6 14. Be2 h6 15. Bxf6 Nxf6 16. 0-0 d5 17. cxd5 Nxd5 18. Rc1 Rac8 19. Rc4 Qe5 20. Nxd5 exd5 21. Rxc8 Rxc8 22. Qd2 Rxc1+ 23. Qxc1 d4 24. Bf3 Bxf3 25. gxf3 dxe3 26. fxe3 f5 27. Kg2 Kh7 28. Qd2 Kg6 29. Qc1 Kh5 30. Qd2 g5 31. h3 a5 32. b3 Qb5 33. b4 axb4 34. axb4 Qc4 35. f4 Qe4+ 36. Kg3 Qh1 37. Qe2+ Kg6 38. Qf2 Qb1 39. Qd2 Qg1+ 40. Kf3 Qf1+ 41. Kg3 Kh5 42. Qf2 Qxf2+ 43. Kxf2 Kh4 44. Kg2 g4 45. hxg4 Kxg4 46. b5 h5 47. Kf2 h4 48. Kg2 h3+ 49. Kh2 Kh4 50. e4 fxe4 51. f5 e3 52. f6 e2 53. f7 e1Q 54. f8Q Qg3+ 55. Kh1 Qg2# 0-1

[Event "NED-ch U14"]
[Site "Assen"]
[Date "2018.04.30"]
[Round "2"]
[White "Maters, Arthur"]
[Black "Labruyere, Roger"]
[Result "1-0"]
[WhiteElo "1895"]
[BlackElo "1665"]
[PlyCount "63"]
[EventDate "2018.04.29"]
[EventType "swiss"]
[EventRounds "9"]
[EventCountry "NED"]
[SourceTitle "CBM 184 Extra"]
[Source "ChessBase"]
[SourceDate "2018.06.28"]
[SourceVersion "1"]
[SourceVersionDate "2018.06.28"]
[SourceQuality "1"]

1. e4 c6 2. Nc3 d5 3. Nf3 Bg4 4. h3 Bxf3 5. Qxf3 Nf6 6. d3 e5 7. Bd2 Be7 8. Qg3 Nbd7 9. Be2 a5 10. 0-0 0-0 11. Bh6 Ne8 12. Bc1 d4 13. Nd1 Bh4 14. Qh2 Nd6 15. f4 Bf6 16. Nf2 Qc7 17. Bg4 Rfe8 18. Bxd7 Qxd7 19. Ng4 h5 20. Nxf6+ gxf6 21. Qg3+ Kf8 22. fxe5 Rxe5 23. Rxf6 Re6 24. Bh6+ Ke7 25. e5 Ne8 26. Rxf7+ Kxf7 27. Rf1+ Rf6 28. exf6 Ra6 29. Qe5 Rb6 30. Qxh5+ Ke6 31. Re1+ Kd6 32. Bf4# 1-0

[Event "NED-ch U14"]
[Site "Assen"]
[Date "2018.04.29"]
[Round "1"]
[White "Catalan, Ciro"]
[Black "Maters, Arthur"]
[Result "1/2-1/2"]
[WhiteElo "1503"]
[BlackElo "1895"]
[PlyCount "134"]
[EventDate "2018.04.29"]
[EventType "swiss"]
[EventRounds "9"]
[EventCountry "NED"]
[SourceTitle "CBM 184 Extra"]
[Source "ChessBase"]
[SourceDate "2018.06.28"]
[SourceVersion "1"]
[SourceVersionDate "2018.06.28"]
[SourceQuality "1"]

1. d4 f5 2. c4 Nf6 3. g3 e6 4. Nf3 d5 5. Bg2 c6 6. 0-0 Bd6 7. Nbd2 0-0 8. Qc2 Bd7 9. Ne5 Be8 10. Ndf3 Bh5 11. Re1 Nbd7 12. Qb3 Rb8 13. Bd2 Qe7 14. Rac1 Ne4 15. Nxd7 Qxd7 16. Bb4 Bxb4 17. Qxb4 Bxf3 18. Bxf3 f4 19. Kg2 Ng5 20. Qc3 Rf6 21. h4 Nxf3 22. exf3 Qf7 23. cxd5 exd5 24. Qd3 Rf8 25. Rc3 Qc7 26. Qe2 Qf7 27. Rb3 b6 28. Qd3 c5 29. dxc5 bxc5 30. Ra3 c4 31. Qd1 Qb7 32. Qd2 d4 33. Qxd4 fxg3 34. Ree3 gxf2 35. Kxf2 Qb6 36. Qxb6 axb6 37. Ra7 R6f7 38. Rea3 Rd8 39. Ke3 Rxa7 40. Rxa7 Rd3+ 41. Ke2 Rd6 42. Rc7 b5 43. Rb7 Rd5 44. Ke3 Rh5 45. a3 Kf8 46. Kf2 Rc5 47. Ke2 c3 48. bxc3 Rxc3 49. Rxb5 Rxa3 50. Kf2 Kf7 51. Rb6 Ra2+ 52. Kg3 Re2 53. Kf4 Re6 54. Rb5 Rd6 55. Ra5 Re6 56. Kg4 Re1 57. Ra6 Rg1+ 58. Kf4 g6 59. Ra7+ Kg8 60. Rb7 Ra1 61. Kg5 Ra5+ 62. Kg4 Rf5 63. Rc7 Rf7 64. Rc6 Kg7 65. Rb6 Kh6 66. Rb5 Ra7 67. Rc5 Kg7 1/2-1/2

[Event "NED-ch U14"]
[Site "Assen"]
[Date "2017.04.23"]
[Round "1"]
[White "Maters, Arthur"]
[Black "De Boer, Eelke"]
[Result "0-1"]
[WhiteElo "1730"]
[BlackElo "2100"]
[PlyCount "56"]
[EventDate "2017.04.23"]
[EventType "swiss"]
[EventRounds "9"]
[EventCountry "NED"]
[SourceTitle "CBM 178 Extra"]
[Source "ChessBase"]
[SourceDate "2017.06.22"]
[SourceVersion "1"]
[SourceVersionDate "2017.06.22"]
[SourceQuality "1"]

1. e4 e6 2. d4 d5 3. Nd2 Nf6 4. e5 Nfd7 5. Bd3 c5 6. c3 Nc6 7. Ndf3 cxd4 8. cxd4 f6 9. exf6 Nxf6 10. Nh3 Bd6 11. 0-0 0-0 12. Re1 Qc7 13. Nhg5 Nd8 14. Bxh7+ Nxh7 15. Nxh7 Kxh7 16. Ng5+ Kg8 17. Qh5 g6 18. Qxg6+ Qg7 19. Qh5 Nf7 20. Nxe6 Re8 21. Qxd5 Qg6 22. Bd2 Bxe6 23. Qxb7 Bf5 24. Rxe8+ Rxe8 25. Qxa7 Be4 26. g3 Bd5 27. Qd7 Qe4 28. f3 Qxd4+ 0-1